Ochrana ľudských práv v Európskej únii v kontexte judikatúry Európskeho súdu pre ľudské práva

Problematika ochrany ľudských práv v Európskej únii, konfrontovaná s judikatúrou Európskeho súdu pre ľudské práva pri Rade Európy. Doktrína ESD o základných právach. Charta základných práv EÚ. Európsky dohovor o ochrane základných práv a slobôd a ESD.

Gespeichert in:
Bibliographische Detailangaben
1. Verfasser: Strážnická, Viera
Format: Buchkapitel
Sprache:Slowakisch
Schlagworte:
Tags: Tag hinzufügen
Keine Tags, Fügen Sie das erste Tag hinzu!

MARC

LEADER 00000naa$a2200000$$$4500
001 0052494
005 20231102091739.4
041 0 |a slo 
044 |a SK 
245 1 0 |a Ochrana ľudských práv v Európskej únii v kontexte judikatúry Európskeho súdu pre ľudské práva  |c Viera Strážnická 
520 |a Problematika ochrany ľudských práv v Európskej únii, konfrontovaná s judikatúrou Európskeho súdu pre ľudské práva pri Rade Európy. Doktrína ESD o základných právach. Charta základných práv EÚ. Európsky dohovor o ochrane základných práv a slobôd a ESD. 
610 2 0 |a Európska únia 
610 2 0 |a charta 
610 2 0 |a práva ľudské 
610 2 0 |a ochrana ľudských práv 
100 1 |a Strážnická, Viera